000 00545nam a2200133Ia 4500
008 100328s9999 xx 000 0 und d
082 _b8144
100 _a---
245 _aश्रीसाहिरोबानाथ-कवितासंग्रह
260 _bसदेभक्ती प्रिंटींग प्रेस
630 _aश्रीसाहिरोबानाथ-कवितासंग्रह
730 _aश्रीसाहिरोबानाथ-कवितासंग्रह
942 _cBOOK
999 _c503937
_d503934